[Event "16. Torneo Aficionados Benidorm s-2000"]
[Site "Benidorm ESP"]
[Date "2017.12.02"]
[Round "2.11"]
[White "Duller Llopis, Jouke"]
[Black "Lerendegui Lasa, Odei"]
[Result "0-1"]
[WhiteElo "1816"]
[BlackElo "1975"]
[PlyCount "146"]
[EventDate "2017.12.01"]
[EventType "swiss"]
[EventRounds "10"]
[EventCountry "ESP"]
[SourceTitle "Ajedrez en Madrid"]
[Source "lmi"]
[SourceDate "2017.12.01"]
[SourceVersion "1"]
[SourceVersionDate "2018.01.25"]
[SourceQuality "1"]

1. d4 Nf6 2. Nf3 g6 3. Bg5 Bg7 4. Nbd2 O-O 5. e4 d6 6. Bd3 Nc6 7. c3 h6 8. Bxf6
Bxf6 9. O-O e5 10. dxe5 Nxe5 11. Nxe5 dxe5 12. Nf3 Qe7 13. Qb3 c6 14. Rad1 b5
15. Qb4 Re8 16. Be2 Be6 17. Qxe7 Rxe7 18. b3 a5 19. Rd2 g5 20. Rb1 a4 21. b4 a3
22. Bd1 g4 23. Ne1 Bg5 24. Re2 Bc4 25. Rc2 h5 26. Be2 Rd7 27. Bxc4 bxc4 28. h4
Bxh4 29. Re2 Bg5 30. b5 Rb7 31. b6 Ra6 32. Nc2 Be7 33. Ne3 Raxb6 34. Rxb6 Rxb6
35. Nxc4 Rb1+ 36. Kh2 Rc1 37. g3 f6 38. Ne3 Rxc3 39. Rd2 Bc5 40. Nd1 Rc4 41.
Rd8+ Kg7 42. Rc8 Rxe4 43. Rxc6 Bd4 44. Nc3 Bxc3 45. Rxc3 Ra4 46. Kg2 Kg6 47.
Kf1 Kf5 48. Ke2 Ke4 49. Re3+ Kd4 50. Rd3+ Ke4 51. Re3+ Kf5 52. Rc3 Ra5 53. Ke3
Kg5 54. Rc8 Ra4 55. Rg8+ Kf5 56. Rb8 Re4+ 57. Kd3 Rd4+ 58. Ke3 Ra4 59. Kd3 Ra5
60. Ke3 Kg5 61. Rg8+ Kh6 62. Rh8+ Kg6 63. Rg8+ Kh7 64. Rb8 f5 65. Rb6 Ra4 66.
Rf6 f4+ 67. Ke2 fxg3 68. fxg3 Rb4 69. Rf5 Kg6 70. Rxe5 Rb2+ 71. Kd3 Rxa2 72.
Ra5 Rf2 73. Ra6+ Rf6 0-1

[Event "16. Torneo Aficionados Benidorm s-2000"]
[Site "Benidorm ESP"]
[Date "2017.12.02"]
[Round "2.96"]
[White "Oreshkin, Vladislav"]
[Black "Garcia Gomez, Pedro"]
[Result "0-1"]
[WhiteElo "1489"]
[BlackElo "1795"]
[PlyCount "71"]
[EventDate "2017.12.01"]
[EventType "swiss"]
[EventRounds "10"]
[EventCountry "ESP"]
[SourceTitle "Ajedrez en Madrid"]
[Source "lmi"]
[SourceDate "2017.12.01"]
[SourceVersion "1"]
[SourceVersionDate "2018.01.25"]
[SourceQuality "1"]

1. b3 Nf6 2. Bb2 c5 3. Nf3 d5 4. e3 Nc6 5. Bb5 Bd7 6. O-O e6 7. d3 Be7 8. Nbd2
O-O 9. Bxc6 Bxc6 10. Ne5 Rc8 11. f4 Nd7 12. Ndf3 Nb8 13. Ng4 f6 14. Qe1 Qc7 15.
Qg3 b6 16. Rae1 Kh8 17. Qh3 Be8 18. Nd2 Nc6 19. c3 Bg6 20. d4 Bd3 21. Rf2 Qb7
22. Nf3 Qa6 23. Ba1 Bg6 24. Nh4 Bh5 25. f5 Qd3 26. fxe6 f5 27. Ne5 Nxe5 28.
dxe5 f4 29. g4 fxg3 30. Rxf8+ Rxf8 31. Qxg3 Qe4 32. Qg2 Qxh4 33. Qg3 Qe4 34.
Rf1 Rxf1+ 35. Kxf1 Bh4 36. Qf4 0-1

[Event "16. Torneo Aficionados Benidorm s-2000"]
[Site "Benidorm ESP"]
[Date "2017.12.03"]
[Round "3.1"]
[White "Castrillon Otero, Javier"]
[Black "Denisik, Sergei"]
[Result "1-0"]
[WhiteElo "1992"]
[BlackElo "1890"]
[PlyCount "87"]
[EventDate "2017.12.01"]
[EventType "swiss"]
[EventRounds "10"]
[EventCountry "ESP"]
[SourceTitle "Ajedrez en Madrid"]
[Source "lmi"]
[SourceDate "2017.12.01"]
[SourceVersion "1"]
[SourceVersionDate "2018.01.25"]
[SourceQuality "1"]

1. d4 d5 2. c4 e5 3. dxe5 d4 4. Nf3 Nc6 5. g3 Nge7 6. Bg2 Ng6 7. Bf4 Be6 8.
Nbd2 Bb4 9. Rc1 Nxf4 10. gxf4 d3 11. e3 a5 12. a3 Be7 13. Nb3 Bg4 14. Rc3 Qd7
15. Qxd3 Qe6 16. Nfd4 Qh6 17. Nxc6 bxc6 18. Qe4 Ra6 19. c5 O-O 20. Nd4 Rd8 21.
O-O Bh4 22. f5 Qh5 23. f3 Rxd4 24. Qxd4 Bxf5 25. Rcc1 Ra8 26. Rcd1 h6 27. e4
Be6 28. f4 Rd8 29. Qa4 Rb8 30. Rd2 Be7 31. Qxa5 Rb5 32. Qa8+ Kh7 33. b4 Bc4 34.
Rfd1 Qg4 35. Rd4 Be2 36. R1d2 Qxf4 37. Rxe2 Bxc5 38. Qd8 Rb8 39. Qd7 Qxe5 40.
bxc5 Rb1+ 41. Rd1 Qxc5+ 42. Kh1 Qb5 43. Ree1 Rxd1 44. Rxd1 1-0

[Event "16. Torneo Aficionados Benidorm s-2000"]
[Site "Benidorm ESP"]
[Date "2017.12.03"]
[Round "3.2"]
[White "Lerendegui Lasa, Odei"]
[Black "Cano Sevilla, Ivan"]
[Result "1-0"]
[WhiteElo "1975"]
[BlackElo "1887"]
[PlyCount "51"]
[EventDate "2017.12.01"]
[EventType "swiss"]
[EventRounds "10"]
[EventCountry "ESP"]
[SourceTitle "Ajedrez en Madrid"]
[Source "lmi"]
[SourceDate "2017.12.01"]
[SourceVersion "1"]
[SourceVersionDate "2018.01.25"]
[SourceQuality "1"]

1. e4 c5 2. c3 Nf6 3. e5 Nd5 4. d4 e6 5. Nf3 cxd4 6. cxd4 d6 7. Bc4 Be7 8. O-O
O-O 9. Qe2 Nc6 10. Nc3 Nxc3 11. bxc3 dxe5 12. dxe5 Qa5 13. Rb1 a6 14. Qe4 Rd8
15. Be3 Qa4 16. Bb6 Rd7 17. Bd3 Qxe4 18. Bxe4 h6 19. Rfd1 Kf8 20. c4 Ke8 21.
Bxc6 bxc6 22. Rxd7 Bxd7 23. c5 Rb8 24. Rb3 Bc8 25. Nd4 Bb7 26. Bc7 1-0

[Event "16. Torneo Aficionados Benidorm s-2000"]
[Site "Benidorm ESP"]
[Date "2017.12.03"]
[Round "3.3"]
[White "Alvarez Perez, Adan"]
[Black "Buitron Ramil, David"]
[Result "0-1"]
[WhiteElo "1880"]
[BlackElo "1974"]
[PlyCount "70"]
[EventDate "2017.12.01"]
[EventType "swiss"]
[EventRounds "10"]
[EventCountry "ESP"]
[SourceTitle "Ajedrez en Madrid"]
[Source "lmi"]
[SourceDate "2017.12.01"]
[SourceVersion "1"]
[SourceVersionDate "2018.01.25"]
[SourceQuality "1"]

1. b3 g6 2. Bb2 Nf6 3. Bxf6 exf6 4. d4 f5 5. e3 Bg7 6. Nf3 c5 7. c3 b6 8. dxc5
Qc7 9. cxb6 axb6 10. Nd4 O-O 11. Bc4 Bb7 12. O-O d5 13. Be2 Nd7 14. a4 Be5 15.
g3 h5 16. f4 Bf6 17. h4 Rfe8 18. Qd2 Nc5 19. Ra3 Ne4 20. Qe1 Re7 21. Bb5 Nd6
22. Ra2 Bxd4 23. cxd4 Nxb5 24. Qd2 Nd6 25. Rc1 Qd8 26. Rac2 Ne4 27. Qe1 Rc8 28.
Rxc8 Bxc8 29. Nc3 Rc7 30. Kg2 Ba6 31. b4 Qc8 32. b5 Bxb5 33. axb5 Rxc3 34. Rxc3
Qxc3 35. Qe2 Qd2 0-1

[Event "16. Torneo Aficionados Benidorm s-2000"]
[Site "Benidorm ESP"]
[Date "2017.12.03"]
[Round "3.4"]
[White "Llano Gomez, Jose Pablo"]
[Black "Spanton, Tim R"]
[Result "1-0"]
[WhiteElo "1969"]
[BlackElo "1880"]
[PlyCount "63"]
[EventDate "2017.12.01"]
[EventType "swiss"]
[EventRounds "10"]
[EventCountry "ESP"]
[SourceTitle "Ajedrez en Madrid"]
[Source "lmi"]
[SourceDate "2017.12.01"]
[SourceVersion "1"]
[SourceVersionDate "2018.01.25"]
[SourceQuality "1"]

1. d4 d5 2. c4 e6 3. Nc3 Nf6 4. Nf3 c5 5. e3 Nc6 6. Be2 dxc4 7. O-O cxd4 8.
exd4 Be7 9. Bxc4 O-O 10. Re1 a6 11. a4 Nb4 12. Ne5 Nbd5 13. Bg5 Nxc3 14. bxc3
Nd5 15. Bd2 Qc7 16. Bd3 Nf6 17. a5 Bd7 18. g4 Bc6 19. g5 Ne8 20. Bxh7+ Kxh7 21.
Qh5+ Kg8 22. Re3 g6 23. Qh6 Ng7 24. Rh3 Nh5 25. Nxg6 fxg6 26. Qxg6+ Ng7 27.
Rh8+ Kxh8 28. Qh6+ Kg8 29. g6 Qxh2+ 30. Qxh2 Nh5 31. Qxh5 Kg7 32. Bh6+ 1-0

[Event "16. Torneo Aficionados Benidorm s-2000"]
[Site "Benidorm ESP"]
[Date "2017.12.03"]
[Round "3.5"]
[White "Avendano Mateos, Jose"]
[Black "Marquez Bernal, Florencio"]
[Result "0-1"]
[WhiteElo "1963"]
[BlackElo "1879"]
[PlyCount "114"]
[EventDate "2017.12.01"]
[EventType "swiss"]
[EventRounds "10"]
[EventCountry "ESP"]
[SourceTitle "Ajedrez en Madrid"]
[Source "lmi"]
[SourceDate "2017.12.01"]
[SourceVersion "1"]
[SourceVersionDate "2018.01.25"]
[SourceQuality "1"]

1. c4 c5 2. Nc3 Nf6 3. e4 Nc6 4. g3 g6 5. Bg2 Bg7 6. Nge2 Rb8 7. d3 O-O 8. O-O
d6 9. Rb1 Bd7 10. h3 Ne8 11. Be3 Nd4 12. Bd2 Nc7 13. Nxd4 Bxd4 14. Bh6 Bg7 15.
Bxg7 Kxg7 16. d4 Ne6 17. dxc5 dxc5 18. f4 Bc6 19. Nd5 Nd4 20. f5 Bxd5 21. cxd5
Qd6 22. Qd3 Qe5 23. g4 g5 24. Kf2 f6 25. Qg3 Qxg3+ 26. Kxg3 Ne2+ 27. Kf3 Nf4
28. Rbd1 Rfd8 29. h4 h6 30. Rh1 Rd6 31. Rd2 c4 32. Bf1 Rc8 33. Rc2 b5 34. Ke3
Rdd8 35. hxg5 hxg5 36. Rch2 Kf7 37. Kd4 Ke8 38. Rh8+ Kd7 39. Rxd8+ Rxd8 40. Kc5
a6 41. Kb6 Rc8 42. Kxa6 b4 43. Ka5 c3 44. bxc3 bxc3 45. Bb5+ Kd6 46. Kb4 Ke5
47. Bc6 Kd4 48. Ba4 Nd3+ 49. Ka3 c2 50. Bxc2 Rxc2 51. Rh7 Rc3+ 52. Ka4 Nc5+ 53.
Kb5 Ra3 54. Rxe7 Nxe4 55. d6 Nxd6+ 56. Kc6 Ne4 57. Rd7+ Ke5 0-1

[Event "16. Torneo Aficionados Benidorm s-2000"]
[Site "Benidorm ESP"]
[Date "2017.12.03"]
[Round "3.6"]
[White "Juciute, Einora"]
[Black "Ramon Gualberto, Arturo"]
[Result "0-1"]
[WhiteElo "1868"]
[BlackElo "1960"]
[PlyCount "52"]
[EventDate "2017.12.01"]
[EventType "swiss"]
[EventRounds "10"]
[EventCountry "ESP"]
[SourceTitle "Ajedrez en Madrid"]
[Source "lmi"]
[SourceDate "2017.12.01"]
[SourceVersion "1"]
[SourceVersionDate "2018.01.25"]
[SourceQuality "1"]

1. e4 c6 2. d4 d5 3. e5 c5 4. dxc5 Nc6 5. Bb5 Qa5+ 6. Nc3 e6 7. Be3 Bd7 8. Bxc6
Bxc6 9. Qd4 Ne7 10. g4 h5 11. b4 Qc7 12. b5 Bd7 13. f3 Ng6 14. gxh5 Rxh5 15. f4
Nh4 16. O-O-O Nf5 17. Qd3 Nxe3 18. Qxe3 Bxc5 19. Qf3 g6 20. Nge2 Rc8 21. a4 Bb4
22. Rd3 d4 23. Rhd1 Bxc3 24. Nxc3 dxc3 25. Rxd7 Qc5 26. R1d6 Rxh2 0-1

[Event "16. Torneo Aficionados Benidorm s-2000"]
[Site "Benidorm ESP"]
[Date "2017.12.03"]
[Round "3.7"]
[White "Linares Carrasquer, Jordi"]
[Black "Lisarri Tomas, Antonio"]
[Result "0-1"]
[WhiteElo "1858"]
[BlackElo "1959"]
[PlyCount "100"]
[EventDate "2017.12.01"]
[EventType "swiss"]
[EventRounds "10"]
[EventCountry "ESP"]
[SourceTitle "Ajedrez en Madrid"]
[Source "lmi"]
[SourceDate "2017.12.01"]
[SourceVersion "1"]
[SourceVersionDate "2018.01.25"]
[SourceQuality "1"]

1. e4 c5 2. Nf3 d6 3. d4 cxd4 4. Qxd4 Nc6 5. Bb5 Bd7 6. Bxc6 Bxc6 7. c4 Nf6 8.
Nc3 g6 9. O-O Bg7 10. Rd1 O-O 11. Qd3 a6 12. Bg5 Qa5 13. a3 h6 14. Bh4 Qh5 15.
Nd5 Bxd5 16. exd5 Rac8 17. Rac1 Rc7 18. b4 Rfc8 19. h3 g5 20. Bg3 Qg6 21. Qxg6
fxg6 22. Nd4 Rxc4 23. Rxc4 Rxc4 24. Ne6 Ne4 25. Nxg7 Nxg3 26. fxg3 Kxg7 27. Rd3
Rc2 28. Re3 Kf7 29. Rf3+ Ke8 30. Rd3 Kd7 31. Kh2 h5 32. Kg1 Re2 33. Kf1 Re5 34.
Kf2 e6 35. dxe6+ Kxe6 36. Kf3 d5 37. g4 Re4 38. gxh5 gxh5 39. g4 hxg4+ 40. hxg4
Ke5 41. b5 Rf4+ 42. Kg3 Ke4 43. Rb3 a5 44. b6 d4 45. Rb5 d3 46. Rb2 Ke3 47. Rb3
Ke2 48. Rb5 d2 49. Re5+ Kd3 50. Rxg5 Rd4 0-1

[Event "16. Torneo Aficionados Benidorm s-2000"]
[Site "Benidorm ESP"]
[Date "2017.12.03"]
[Round "3.8"]
[White "Nogues Fernandez, Ramon"]
[Black "Lopez Shchukina, Diego"]
[Result "1-0"]
[WhiteElo "1950"]
[BlackElo "1870"]
[PlyCount "67"]
[EventDate "2017.12.01"]
[EventType "swiss"]
[EventRounds "10"]
[EventCountry "ESP"]
[SourceTitle "Ajedrez en Madrid"]
[Source "lmi"]
[SourceDate "2017.12.01"]
[SourceVersion "1"]
[SourceVersionDate "2018.01.25"]
[SourceQuality "1"]

1. d4 d5 2. c4 e6 3. Nf3 Nf6 4. g3 Ne4 5. a3 Be7 6. Bg2 O-O 7. O-O f5 8. Qc2
Nd7 9. Nc3 b6 10. cxd5 Ndf6 11. dxe6 Bxe6 12. Ng5 Bf7 13. Ngxe4 fxe4 14. Nxe4
Rc8 15. Ng5 Qxd4 16. Nxf7 Rxf7 17. Bh3 Ng4 18. e3 Qd7 19. Qe2 h5 20. f3 Rcf8
21. fxg4 Rxf1+ 22. Bxf1 hxg4 23. Bd2 Bg5 24. Bg2 Re8 25. Re1 Kh8 26. Bc1 Rd8
27. Qc4 c5 28. Qe4 Bf6 29. Qg6 Qa4 30. Be4 Kg8 31. Bc2 Qc4 32. Rf1 Kf8 33. Qe4
Qe2 34. Bb3 1-0

[Event "16. Torneo Aficionados Benidorm s-2000"]
[Site "Benidorm ESP"]
[Date "2017.12.03"]
[Round "3.9"]
[White "Viudes Serra, Aaron"]
[Black "Perez Garcia, Juan Angel"]
[Result "1-0"]
[WhiteElo "1835"]
[BlackElo "1950"]
[PlyCount "57"]
[EventDate "2017.12.01"]
[EventType "swiss"]
[EventRounds "10"]
[EventCountry "ESP"]
[SourceTitle "Ajedrez en Madrid"]
[Source "lmi"]
[SourceDate "2017.12.01"]
[SourceVersion "1"]
[SourceVersionDate "2018.01.25"]
[SourceQuality "1"]

1. c4 e5 2. Nc3 Nc6 3. g3 Bc5 4. Bg2 a6 5. Nf3 d6 6. O-O h5 7. Ne4 Ba7 8. d3
Bf5 9. Nh4 Bg4 10. h3 Bd7 11. Rb1 Nge7 12. b4 Ng6 13. Bg5 Qc8 14. Nxg6 fxg6 15.
b5 axb5 16. cxb5 Nd4 17. b6 Bb8 18. bxc7 Qxc7 19. Rxb7 Qa5 20. e3 Ba4 21. Qb1
Ne2+ 22. Kh2 O-O 23. Qb2 d5 24. Be7 dxe4 25. Bxf8 exd3 26. Rxb8 Rxb8 27. Qxb8
Qb5 28. Qxb5 Bxb5 29. Bb4 1-0

[Event "16. Torneo Aficionados Benidorm s-2000"]
[Site "Benidorm ESP"]
[Date "2017.12.03"]
[Round "3.10"]
[White "Amellal, Sofiane Anis"]
[Black "Carmona Huertas, Juan Antonio"]
[Result "0-1"]
[WhiteElo "1947"]
[BlackElo "1869"]
[PlyCount "112"]
[EventDate "2017.12.01"]
[EventType "swiss"]
[EventRounds "10"]
[EventCountry "ESP"]
[SourceTitle "Ajedrez en Madrid"]
[Source "lmi"]
[SourceDate "2017.12.01"]
[SourceVersion "1"]
[SourceVersionDate "2018.01.25"]
[SourceQuality "1"]

1. e4 c5 2. Nf3 Nc6 3. d4 cxd4 4. Nxd4 Qb6 5. Nb5 a6 6. Be3 Qa5+ 7. Bd2 Qb6 8.
Be3 Qa5+ 9. N5c3 Nf6 10. Nd2 b5 11. a4 b4 12. Nc4 Qc7 13. Nd5 Nxd5 14. exd5 Ne5
15. d6 exd6 16. Nb6 Rb8 17. Qe2 Rxb6 18. Bxb6 Qxb6 19. f4 f6 20. fxe5 dxe5 21.
Qd2 Bc5 22. Bc4 Bb7 23. Rd1 Bc6 24. Rf1 Qb7 25. Bd5 Bxd5 26. Qxd5 Qxd5 27. Rxd5
d6 28. Kd2 Ke7 29. c4 Ke6 30. Rf3 a5 31. Ke2 g5 32. g4 h5 33. Rh3 h4 34. Rf3
Rb8 35. b3 Rb7 36. Rdd3 e4 37. Rde3 Bxe3 38. Rxe3 d5 39. Kd2 Rc7 40. Re1 Rc5
41. Ke3 dxc4 42. Kd4 Rd5+ 43. Kxc4 Ke5 44. Rf1 Rd4+ 45. Kc5 e3 46. Rf5+ Ke4 47.
Rxf6 Kd3 48. Rf1 e2 49. Rf3+ Ke4 50. Rf8 Kd3 51. Rf3+ Ke4 52. Rf8 Ke3 53. Kb5
e1=Q 54. h3 Rd5+ 55. Kb6 Qc3 56. Kb7 Qg7+ 0-1

[Event "16. Torneo Aficionados Benidorm s-2000"]
[Site "Benidorm ESP"]
[Date "2017.12.03"]
[Round "3.11"]
[White "Glebova, Anastasia"]
[Black "Vakulenko, Oleksandr"]
[Result "0-1"]
[WhiteElo "1834"]
[BlackElo "1943"]
[PlyCount "56"]
[EventDate "2017.12.01"]
[EventType "swiss"]
[EventRounds "10"]
[EventCountry "ESP"]
[SourceTitle "Ajedrez en Madrid"]
[Source "lmi"]
[SourceDate "2017.12.01"]
[SourceVersion "1"]
[SourceVersionDate "2018.01.25"]
[SourceQuality "1"]

1. Nf3 f5 2. d4 g6 3. g3 Nf6 4. Bg2 Bg7 5. O-O O-O 6. Re1 Ne4 7. c3 c6 8. Bf4
d5 9. Qc1 Re8 10. Ne5 Nd7 11. Nxd7 Bxd7 12. f3 Nd6 13. e4 fxe4 14. fxe4 Nxe4
15. Bxe4 dxe4 16. Rxe4 Bf5 17. Re3 Qd5 18. Qe1 c5 19. dxc5 Qxc5 20. b4 Qb6 21.
h4 e5 22. Kh2 Kf7 23. Bxe5 Rxe5 24. Rxe5 Bxe5 25. Qxe5 Qf2+ 26. Kh1 Rd8 27.
Qc7+ Rd7 28. Qc4+ Kf6 0-1

[Event "16. Torneo Aficionados Benidorm s-2000"]
[Site "Benidorm ESP"]
[Date "2017.12.04"]
[Round "4.1"]
[White "Selva Salvador, Antonio"]
[Black "Castillo Garcia, Adrian"]
[Result "1/2-1/2"]
[WhiteElo "1934"]
[BlackElo "1993"]
[PlyCount "158"]
[EventDate "2017.12.01"]
[EventType "swiss"]
[EventRounds "10"]
[EventCountry "ESP"]
[SourceTitle "Ajedrez en Madrid"]
[Source "lmi"]
[SourceDate "2017.12.01"]
[SourceVersion "1"]
[SourceVersionDate "2018.01.25"]
[SourceQuality "1"]

1. d4 Nf6 2. Nf3 g6 3. g3 Bg7 4. Bg2 O-O 5. O-O d6 6. b3 Nbd7 7. Bb2 Re8 8.
Nbd2 e5 9. dxe5 Nxe5 10. c4 Nc6 11. Re1 Bg4 12. h3 Bf5 13. a3 Qc8 14. g4 Bd7
15. Ra2 h5 16. g5 Nh7 17. Kh2 Qd8 18. Bxg7 Kxg7 19. h4 Qe7 20. Nf1 Bg4 21. Ng3
Bxf3 22. Bxf3 Qe5 23. e3 Nxg5 24. Bxc6 bxc6 25. f4 Qc3 26. fxg5 Rxe3 27. Rxe3
Qxe3 28. Re2 Qf3 29. Qd4+ Kg8 30. Qe3 Qg4 31. Qe4 Qd7 32. Qe7 Qg4 33. Qe4 Qd7
34. b4 d5 35. cxd5 cxd5 36. Qd4 c6 37. Kg2 a5 38. Qc5 axb4 39. Qxb4 Qa7 40. Qd6
Qa4 41. Qd7 Qxh4 42. Re8+ Rxe8 43. Qxe8+ Kg7 44. Qxc6 Qxg5 45. Qc3+ Kg8 46. Kf2
h4 47. Ne2 Qg4 48. Qf3 Qc4 49. Qc3 Qe4 50. Qd4 Qf5+ 51. Qf4 Qh5 52. a4 g5 53.
Qf5 h3 54. Ng3 Qh4 55. Qxd5 Qf4+ 56. Qf3 Qxa4 57. Qe4 Qa2+ 58. Qe2 Qxe2+ 59.
Kxe2 Kg7 60. Kf3 Kg6 61. Kg4 h2 62. Kh3 f5 63. Kxh2 f4 64. Nf1 g4 65. Kg2 Kf5
66. Nd2 Ke5 67. Kf2 Kd4 68. Nb3+ Kc4 69. Nd2+ Kd3 70. Nb3 Kc3 71. Nc5 Kd2 72.
Ne4+ Kd1 73. Nc3+ Kd2 74. Ne4+ Kd3 75. Ng5 Kd4 76. Ne6+ Ke5 77. Nc5 Kf5 78. Kg2
Kf6 79. Kf2 Ke5 1/2-1/2

[Event "16. Torneo Aficionados Benidorm s-2000"]
[Site "Benidorm ESP"]
[Date "2017.12.04"]
[Round "4.2"]
[White "Cuellar Gutierrez, Raul"]
[Black "Castrillon Otero, Javier"]
[Result "1-0"]
[WhiteElo "1923"]
[BlackElo "1992"]
[PlyCount "111"]
[EventDate "2017.12.01"]
[EventType "swiss"]
[EventRounds "10"]
[EventCountry "ESP"]
[SourceTitle "Ajedrez en Madrid"]
[Source "lmi"]
[SourceDate "2017.12.01"]
[SourceVersion "1"]
[SourceVersionDate "2018.01.25"]
[SourceQuality "1"]

1. d4 d5 2. c4 e6 3. Nf3 Nf6 4. g3 c5 5. cxd5 exd5 6. Bg2 Nc6 7. O-O Bg4 8. Ne5
Bh5 9. Nxc6 bxc6 10. dxc5 Bxc5 11. Qc2 Qb6 12. Nc3 Bd6 13. Be3 Qc7 14. Rac1 Qb7
15. Na4 Rc8 16. Nc5 Qe7 17. Bd4 O-O 18. e3 Bg4 19. Rfe1 Be5 20. Qa4 Rfe8 21. b3
Bxd4 22. Qxd4 Bf5 23. Rc3 Qe5 24. Qxe5 Rxe5 25. Rec1 Kf8 26. h3 h5 27. Na6 Bd7
28. Nb4 Re6 29. Nxd5 Nxd5 30. Bxd5 Rd6 31. Bg2 Ke7 32. Kf1 Be8 33. Ke1 Kd8 34.
b4 Bd7 35. h4 Rb8 36. a3 Kc7 37. Rc5 g6 38. b5 Rb6 39. a4 Kb8 40. Bxc6 Bxc6 41.
Rxc6 Rbxc6 42. Rxc6 Rxc6 43. bxc6 Kc7 44. Kd2 Kxc6 45. Kc3 Kc5 46. f3 f5 47.
Kb3 a5 48. Kc3 Kd5 49. Kd3 Kc5 50. e4 fxe4+ 51. fxe4 Kd6 52. Kd4 Ke6 53. e5 Ke7
54. Kd5 Kd7 55. e6+ Ke7 56. Ke5 1-0

[Event "16. Torneo Aficionados Benidorm s-2000"]
[Site "Benidorm ESP"]
[Date "2017.12.04"]
[Round "4.3"]
[White "Marquez Bernal, Florencio"]
[Black "Lerendegui Lasa, Odei"]
[Result "0-1"]
[WhiteElo "1879"]
[BlackElo "1975"]
[PlyCount "70"]
[EventDate "2017.12.01"]
[EventType "swiss"]
[EventRounds "10"]
[EventCountry "ESP"]
[SourceTitle "Ajedrez en Madrid"]
[Source "lmi"]
[SourceDate "2017.12.01"]
[SourceVersion "1"]
[SourceVersionDate "2018.01.25"]
[SourceQuality "1"]

1. d4 Nf6 2. Bf4 g6 3. e3 Bg7 4. Be2 O-O 5. Nf3 d6 6. h3 Nbd7 7. O-O b6 8. c4
Bb7 9. Nc3 Ne4 10. Rc1 e5 11. Bh2 Nxc3 12. Rxc3 Qe7 13. Re1 Rae8 14. Rc1 Kh8
15. b4 c5 16. bxc5 bxc5 17. d5 e4 18. Nd2 f5 19. Rb1 Ne5 20. Qa4 Bc8 21. Rb3 g5
22. Reb1 g4 23. hxg4 fxg4 24. Bf4 Ng6 25. g3 Nxf4 26. exf4 Bd4 27. Nf1 Qf7 28.
Ne3 Qh5 29. Bf1 Rxf4 30. gxf4 g3 31. Qxe8+ Qxe8 32. fxg3 Qh5 33. Re1 Qf3 34.
Kh2 Qf2+ 35. Ng2 Qg1# 0-1

[Event "16. Torneo Aficionados Benidorm s-2000"]
[Site "Benidorm ESP"]
[Date "2017.12.04"]
[Round "4.4"]
[White "Buitron Ramil, David"]
[Black "Estevez Jacome, Jose Ramon"]
[Result "0-1"]
[WhiteElo "1974"]
[BlackElo "1937"]
[PlyCount "64"]
[EventDate "2017.12.01"]
[EventType "swiss"]
[EventRounds "10"]
[EventCountry "ESP"]
[SourceTitle "Ajedrez en Madrid"]
[Source "lmi"]
[SourceDate "2017.12.01"]
[SourceVersion "1"]
[SourceVersionDate "2018.01.25"]
[SourceQuality "1"]

1. e4 c5 2. Nf3 Nc6 3. d4 cxd4 4. Nxd4 g6 5. Nc3 Bg7 6. Nde2 Nf6 7. g3 b5 8.
Bg2 Rb8 9. O-O O-O 10. Nd5 Bb7 11. Bg5 Ne8 12. Qc1 f6 13. Bh6 e6 14. Bxg7 Kxg7
15. Ne3 Qb6 16. Ng4 g5 17. e5 h6 18. Rd1 Nxe5 19. Nxe5 fxe5 20. Rxd7+ Kg6 21.
Qf1 Bxg2 22. Qxg2 Nf6 23. Rd2 e4 24. Nc3 e3 25. fxe3 Qxe3+ 26. Kh1 b4 27. Re2
Qc5 28. Ne4 Qd5 29. Rae1 Rb6 30. Rf1 Nd7 31. Rxf8 Nxf8 32. g4 Qd1+ 0-1

[Event "16. Torneo Aficionados Benidorm s-2000"]
[Site "Benidorm ESP"]
[Date "2017.12.04"]
[Round "4.5"]
[White "Carmona Huertas, Juan Antonio"]
[Black "Llano Gomez, Jose Pablo"]
[Result "1/2-1/2"]
[WhiteElo "1869"]
[BlackElo "1969"]
[PlyCount "61"]
[EventDate "2017.12.01"]
[EventType "swiss"]
[EventRounds "10"]
[EventCountry "ESP"]
[SourceTitle "Ajedrez en Madrid"]
[Source "lmi"]
[SourceDate "2017.12.01"]
[SourceVersion "1"]
[SourceVersionDate "2018.01.25"]
[SourceQuality "1"]

1. e4 c5 2. Nf3 Nc6 3. Bb5 g6 4. Bxc6 bxc6 5. d3 Bg7 6. Nc3 d6 7. h3 Rb8 8. O-O
e6 9. a4 Ne7 10. Re1 O-O 11. e5 d5 12. Rb1 h6 13. b3 a5 14. Ba3 Rb4 15. Bxb4
cxb4 16. Ne2 c5 17. d4 c4 18. c3 Qb6 19. Qc2 Ba6 20. Qb2 Rb8 21. Nd2 Nc6 22.
Qa2 bxc3 23. Nxc3 Qxd4 24. Nb5 Bxb5 25. axb5 Rxb5 26. bxc4 Rxb1 27. Rxb1 dxc4
28. Nxc4 Qd5 29. Qc2 Nxe5 30. Ne3 Qd8 31. Qc5 1/2-1/2

[Event "16. Torneo Aficionados Benidorm s-2000"]
[Site "Benidorm ESP"]
[Date "2017.12.04"]
[Round "4.6"]
[White "Ramon Gualberto, Arturo"]
[Black "Martinez De Soria Gordon, Jose M"]
[Result "1-0"]
[WhiteElo "1960"]
[BlackElo "1930"]
[PlyCount "45"]
[EventDate "2017.12.01"]
[EventType "swiss"]
[EventRounds "10"]
[EventCountry "ESP"]
[SourceTitle "Ajedrez en Madrid"]
[Source "lmi"]
[SourceDate "2017.12.01"]
[SourceVersion "1"]
[SourceVersionDate "2018.01.25"]
[SourceQuality "1"]

1. d4 Nf6 2. c4 b6 3. Nc3 Bb7 4. f3 e6 5. e4 d5 6. e5 Nfd7 7. cxd5 Bxd5 8. Nxd5
exd5 9. f4 Bb4+ 10. Bd2 Qe7 11. Nf3 h6 12. Rc1 c6 13. Bd3 a5 14. O-O Bxd2 15.
Qxd2 O-O 16. f5 Qb4 17. Qf2 Re8 18. f6 Qf8 19. fxg7 Qxg7 20. Nh4 Nxe5 21. dxe5
Ra7 22. Nf5 Qg5 23. h4 1-0

[Event "16. Torneo Aficionados Benidorm s-2000"]
[Site "Benidorm ESP"]
[Date "2017.12.04"]
[Round "4.7"]
[White "Diez Machin, Vicente"]
[Black "Nogues Fernandez, Ramon"]
[Result "0-1"]
[WhiteElo "1866"]
[BlackElo "1950"]
[PlyCount "64"]
[EventDate "2017.12.01"]
[EventType "swiss"]
[EventRounds "10"]
[EventCountry "ESP"]
[SourceTitle "Ajedrez en Madrid"]
[Source "lmi"]
[SourceDate "2017.12.01"]
[SourceVersion "1"]
[SourceVersionDate "2018.01.25"]
[SourceQuality "1"]

1. e4 c5 2. Nf3 Nc6 3. d4 cxd4 4. Nxd4 g6 5. Nc3 Bg7 6. Be3 Nf6 7. Nxc6 bxc6 8.
e5 Nd5 9. Nxd5 cxd5 10. Qxd5 Rb8 11. Bxa7 Rxb2 12. Bd4 Rb8 13. Bc4 O-O 14. O-O
Bb7 15. Qc5 d6 16. Qa7 dxe5 17. Be3 Qc8 18. Bb3 Qc6 19. f3 e4 20. Rad1 exf3 21.
Bd5 Qc8 22. Bxf3 Bxf3 23. Rxf3 Qxc2 24. Rdf1 Bf6 25. R3f2 Qe4 26. Rf4 Qe6 27.
a4 Ra8 28. Qb6 Ra6 29. Qxe6 fxe6 30. Bd2 Rd8 31. Be3 Rd3 32. Bc5 Rd5 0-1